Normal view
MARC view
Entry Topical Term
001 - CONTROL NUMBER
- control field: 13306
003 - CONTROL NUMBER IDENTIFIER
- control field: OSt
005 - DATE AND TIME OF LATEST TRANSACTION
- control field: 20151003105930.0
008 - FIXED-LENGTH DATA ELEMENTS
- fixed length control field: 151003|| aca||aabn | a|a d
040 ## - CATALOGING SOURCE
- Original cataloging agency: OSt
- Transcribing agency: OSt
150 ## - HEADING--TOPICAL TERM
- Topical term or geographic name entry element: History
670 ## - SOURCE DATA FOUND
- Source citation: Work cat.: (OSt)14287: Ghoshal, S.C. (Translator) 13305, A History Of Cooch Behar, 2005









